00527 2200229 4500001002100000005001500021035002000036245004600056100001700102250000700119300002500126260003500151082001400186084002000200020001500220600001700235990000900252990000900261990000900270990000900279990000900288INLIS00000000000001820251003081734 a0010-10250000041 aMembuat Presentasi Bisnis /cEfisitek.com0 aEfisitek.com a1. a192 hlm. ;c19,5 cm. aBandung :bYrama Widya,c2006. a650.028.5 a650.028.5 EFI m a9795434713 4aEfisitek.com a1532 a1533 a1534 a1535 a1536